000 00459cam a2200181ua 4500
020 _c4.00
041 _ahin
_h
082 _a891.54
_bSAT/SA
100 _aSatyanarayan, Kasturya .
245 _aSamrat Harshavardhan /
_cSatyanarayan kasturya.
_hTextual Documents
250 _a2 /
_b.
260 _aVaranasi :
_bHindi Pracharak Pusthakalayam ,
_c1960.
300 _a255 ; .
365 _a4.00
504 _a
942 _cBK
999 _c8388
_d8388